| 000 | 00733nam a22002297a 4500 | ||
|---|---|---|---|
| 003 | UA-OsUOA | ||
| 001 | 80145 | ||
| 007 | ta | ||
| 008 | 20111130b un ||||| |||| 00| 0 ukr d | ||
| 100 | _aБогдан Т.П. | ||
| 700 | _aБогдан І.В. | ||
| 090 |
_a330(477) _bБ73 |
||
| 942 | _cSA | ||
| 040 |
_aUA-OsUOA _bukr _cUA-OsUOA _dUA-OsUOA |
||
| 245 | _aМакропруденційне регулювання та контроль руху капіталу в системі антикризового управління | ||
| 300 | _aС.14-33 | ||
| 955 | _a0 | ||
| 041 | _aukr | ||
| 080 | _a330(477) | ||
| 773 | 0 |
_w80143 _tФінанси України _dК. _d2011 _g7 |
|
| 650 | 7 |
_a330 Економіка взагалі _2UDC |
|
| 999 |
_c366464 _d366464 |
||